| 000 | 00741nam a22001697a 4500 | ||
|---|---|---|---|
| 999 |
_c63383 _d63383 |
||
| 003 | Ge_BSU | ||
| 005 | 20250926191824.0 | ||
| 008 | 250926s1981 ge ||||| |||| 00| 0 geo d | ||
| 041 | _ageo | ||
| 080 | _a338.43(479.223) ბ-37 | ||
| 100 |
_aბაჯელიძე, ა. _921 |
||
| 245 |
_aაჭარის სოფლის მეურნეობის ეკონომიკის აქტუალური საკითხები. _cა. ბაჯელიძე. |
||
| 264 |
_aბათუმი : _bსაბჭ. აჭარა, _c1981. |
||
| 300 |
_a182გვ. ; _b21სმ. |
||
| 653 | _aაჭარის სოფლის მეურნეობის ეკონომიკა. | ||
| 942 |
_2udc _cᲬᲘᲒᲜᲘ |
||